Countries by Chinese Meaning #2 - Statistics

General Stats
  • This quiz has been taken 10 times
  • The average score is 5 of 14
Answer Stats
Hint Chinese country name Answer % Correct
Also + Door 也门 Yemen
83%
Compare + Advantage + Time 比利时 Belgium
67%
New + Add + Slope 新加坡 Singapore
67%
Sea + Land 海地 Haiti
50%
Intelligence + Advantage 智利 Chile
33%
Print + Measure 印度 India
33%
New + West + Orchid 新西兰 New Zealand
33%
Western + Class + Tooth 西班牙 Spain
33%
Auspicious + Standard 瑞典 Sweden
33%
Appointment + Dawn 约旦 Jordan
17%
Wave + Orchid 波兰 Poland
17%
Move + Awesome might 挪威 Norway
0%
Fragrance + Rule + Guest 菲律宾 Philippines
0%
Recount + Advantage + Inferior 叙利亚 Syria
0%
No matching quizzes found
Score Distribution
Percent of People with Each Score
Percentile by Number Answered
Your Score History
You have not taken this quiz